Control systems engineering / (Record no. 789)

MARC details
000 -LEADER
fixed length control field 00557nam a22002177a 4500
003 - CONTROL NUMBER IDENTIFIER
control field OSt
005 - DATE AND TIME OF LATEST TRANSACTION
control field 20251111110030.0
008 - FIXED-LENGTH DATA ELEMENTS--GENERAL INFORMATION
fixed length control field 220208b ||||| |||| 00| 0 eng d
020 ## - INTERNATIONAL STANDARD BOOK NUMBER
International Standard Book Number 9781119590132
040 ## - CATALOGING SOURCE
Transcribing agency KCST
082 ## - DEWEY DECIMAL CLASSIFICATION NUMBER
Classification number 629.8
Item number Ni Co
100 ## - MAIN ENTRY--PERSONAL NAME
Personal name Nise, Norman S.
9 (RLIN) 4773
245 ## - TITLE STATEMENT
Title Control systems engineering /
Statement of responsibility, etc. Norman S. Nise
250 ## - EDITION STATEMENT
Edition statement 8th ed.
Remainder of edition statement EMEA edition
260 ## - PUBLICATION, DISTRIBUTION, ETC.
Place of publication, distribution, etc. Weinheim:
Name of publisher, distributor, etc. Wiley ;
Date of publication, distribution, etc. 2019
300 ## - PHYSICAL DESCRIPTION
Extent p.
650 ## - SUBJECT ADDED ENTRY--TOPICAL TERM
Topical term or geographic name entry element Automatic control
9 (RLIN) 5627
650 ## - SUBJECT ADDED ENTRY--TOPICAL TERM
Topical term or geographic name entry element Systems engineering
9 (RLIN) 912
942 ## - ADDED ENTRY ELEMENTS (KOHA)
Koha item type Course Textbook
Source of classification or shelving scheme Dewey Decimal Classification
942 ## - ADDED ENTRY ELEMENTS (KOHA)
Source of classification or shelving scheme Dewey Decimal Classification
Holdings
Withdrawn status Lost status Source of classification or shelving scheme Damaged status Not for loan Home library Current library Date acquired Source of acquisition Cost, normal purchase price Total checkouts Total renewals Full call number Barcode Date last seen Date last checked out Cost, replacement price Price effective from Koha item type
    Dewey Decimal Classification     KCST Library KCST Library 08/02/2022 Procured 10.10 3 2 629.8 Ni Co 1000001055 06/11/2025 12/10/2025 10.10 08/02/2022 Course Textbook
© 2025 KCST. All rights reserved